[Event "2. Bundesliga Mitte 2013/2014"]
[Site "Steyregg"]
[Date "2014.04.05"]
[Round "10"]
[Board "2"]
[White "Traunwieser, Georg"]
[Black "Pacher, Simon"]
[Result "1/2-1/2"]
[WhiteElo "2121"]
[BlackElo "2044"]
[PlyCount "59"]
[EventDate "2013.10.04"]
[EventType "team"]
[EventRounds "11"]
[EventCountry "AUT"]
[WhiteTeam "SPG Freistadt/Wartberg"]
[BlackTeam "SV Raika Rapid Feffernitz II"]

1. d4 d5 2. Nf3 Nf6 3. e3 Bf5 4. Nbd2 Nbd7 5. Nh4 Bg6 6. Be2 e5 7. O-O e4 8. c4
c6 9. cxd5 Nxd5 10. g3 f5 11. Qb3 Rb8 12. Nxg6 hxg6 13. f3 Qg5 14. Nc4 Rh3 15.
Rf2 Bb4 16. f4 Qh6 17. Bd2 Bxd2 18. Nxd2 g5 19. Nc4 gxf4 20. exf4 b5 21. Ne3
Nxe3 22. Qxe3 Nf6 23. d5 Nxd5 24. Qxa7 Rd8 25. Rd1 Qf6 26. Qb7 Rd7 27. Qb8+ Rd8
28. Qb7 Rd7 29. Qb8+ Rd8 30. Qb7 1/2-1/2

[Event "2. Bundesliga Mitte 2013/2014"]
[Site "Steyregg"]
[Date "2014.04.05"]
[Round "10"]
[Board "3"]
[White "Hofer, Christian"]
[Black "Ly, Daniel"]
[Result "1-0"]
[WhiteElo "1942"]
[BlackElo "2079"]
[PlyCount "51"]
[EventDate "2013.10.04"]
[EventType "team"]
[EventRounds "11"]
[EventCountry "AUT"]
[WhiteTeam "SV Raika Rapid Feffernitz II"]
[BlackTeam "SPG Freistadt/Wartberg"]

1. d4 d5 2. Nf3 Nf6 3. g3 e6 4. Bg2 c5 5. O-O Nc6 6. c4 dxc4 7. Qa4 cxd4 8.
Nxd4 Qxd4 9. Bxc6+ bxc6 10. Qxc6+ Qd7 11. Qxa8 Bc5 12. Nd2 O-O 13. Qf3 Bb7 14.
Qf4 e5 15. Qh4 Qc6 16. Nf3 e4 17. Ne1 Nd5 18. Ng2 Nb4 19. Be3 Nc2 20. Bxc5 e3
21. f3 Qxc5 22. Rad1 a5 23. Rd8 g6 24. Rxf8+ Kxf8 25. Qh6+ Ke8 26. Qf4 1-0

[Event "2. Bundesliga Mitte 2013/2014"]
[Site "Steyregg"]
[Date "2014.04.05"]
[Round "10"]
[Board "4"]
[White "Ly, Dominik"]
[Black "Koefeler, Christian"]
[Result "1-0"]
[WhiteElo "1851"]
[BlackElo "2007"]
[PlyCount "51"]
[EventDate "2013.10.04"]
[EventType "team"]
[EventRounds "11"]
[EventCountry "AUT"]
[WhiteTeam "SPG Freistadt/Wartberg"]
[BlackTeam "SV Raika Rapid Feffernitz II"]

1. e4 c5 2. Nf3 Nc6 3. d4 cxd4 4. Nxd4 g6 5. Nc3 Bg7 6. Be3 Nf6 7. Bc4 Qa5 8.
O-O O-O 9. Bb3 d6 10. h3 Bd7 11. Re1 Rac8 12. Qe2 a6 13. Rad1 b5 14. f4 Rfe8
15. Nf3 Qc7 16. Bf2 Na5 17. e5 Nh5 18. Nd5 Nxf4 19. Nxf4 Nxb3 20. cxb3 Qa5 21.
Nd5 Bf5 22. exd6 exd6 23. Qxe8+ Rxe8 24. Rxe8+ Bf8 25. Nf6+ Kg7 26. Bd4 1-0

[Event "2. Bundesliga Mitte 2013/2014"]
[Site "Steyregg"]
[Date "2014.04.05"]
[Round "10"]
[Board "5"]
[White "Tscharnuter, Hannes"]
[Black "Birklbauer, Toni"]
[Result "1-0"]
[WhiteElo "2033"]
[BlackElo "2046"]
[PlyCount "81"]
[EventDate "2013.10.04"]
[EventType "team"]
[EventRounds "11"]
[EventCountry "AUT"]
[WhiteTeam "SV Raika Rapid Feffernitz II"]
[BlackTeam "SPG Freistadt/Wartberg"]

1. e4 {[%emt 0:00:00]} c5 {[%emt 0:00:00]} 2. Nf3 Nc6 3. Bb5 g6 4. Bxc6 bxc6 5.
d3 Bg7 6. O-O d6 7. Nbd2 e5 8. Re1 Ne7 9. Nc4 h6 10. c3 Be6 11. h3 O-O 12. Qe2
g5 13. Be3 g4 14. hxg4 Bxg4 15. Qd2 Kh7 16. Nh2 Be6 17. f4 exf4 18. Bxf4 Ng6
19. Bg3 d5 20. exd5 Qxd5 21. Nf3 Rad8 22. Rad1 Bg4 23. Ne3 Qh5 24. Nxg4 Qxg4
25. Qf2 h5 26. Nh2 Qa4 27. Qxc5 Rd5 28. Qc4 Qc2 29. Qb3 Qxb3 30. axb3 Rg5 31.
Bd6 Rg8 32. Nf3 Rd5 33. Bg3 Bf6 34. Re4 Bd8 35. d4 f5 36. Re6 h4 37. Be5 h3 38.
Rd2 Ra5 39. Kh2 Rxe5 40. dxe5 Nf4 41. Rd7+ 1-0

[Event "2. Bundesliga Mitte 2013/2014"]
[Site "Steyregg"]
[Date "2014.04.05"]
[Round "10"]
[Board "6"]
[White "Farthofer, Josef"]
[Black "Zoehrer, Sarah"]
[Result "1-0"]
[WhiteElo "2041"]
[BlackElo "1711"]
[PlyCount "54"]
[EventDate "2013.10.04"]
[EventType "team"]
[EventRounds "11"]
[EventCountry "AUT"]
[WhiteTeam "SPG Freistadt/Wartberg"]
[BlackTeam "SV Raika Rapid Feffernitz II"]

1. d4 d5 2. Nf3 e6 3. c4 c6 4. Qc2 f5 5. e3 Nf6 6. Bd3 Bd6 7. O-O Nbd7 8. Nc3
O-O 9. Ne2 Ne4 10. Nf4 Qe7 11. Nd2 Qh4 12. g3 Qh6 13. f3 g5 14. Ne2 Ndf6 15.
Kg2 Nxd2 16. Bxd2 Bd7 17. Nc3 e5 18. cxd5 cxd5 19. dxe5 Bxe5 20. Bxf5 Bxc3 21.
Bxc3 Bxf5 22. Qxf5 Rad8 23. Qe6+ Kh8 24. Rad1 Rde8 25. Qxd5 Rxe3 26. Qd4 Re2+
27. Rf2 Rxf2+ 1-0

[Event "2. Bundesliga Mitte 2013/2014"]
[Site "Steyregg"]
[Date "2014.04.05"]
[Round "10"]
[Board "1"]
[White "Kovacs, Gabor"]
[Black "Taggatz, Mario"]
[Result "1-0"]
[WhiteElo "2458"]
[BlackElo "2222"]
[PlyCount "87"]
[EventDate "2013.10.04"]
[EventType "team"]
[EventRounds "11"]
[EventCountry "AUT"]
[WhiteTeam "Union Styria Graz"]
[BlackTeam "Spg. Sauwald"]

1. Nf3 e6 2. c4 f5 3. b3 Nf6 4. Bb2 Be7 5. g3 O-O 6. Bg2 d6 7. O-O e5 8. d3 c6
9. Nbd2 c5 10. b4 cxb4 11. Qb3 Nc6 12. c5+ Kh8 13. cxd6 Bxd6 14. Nc4 Be6 15.
Qc2 Rc8 16. Nxd6 Qxd6 17. Qa4 Bd7 18. a3 a5 19. Qb5 Rfe8 20. Qxb7 Nd8 21. Qa7
Rc2 22. Rfb1 Nc6 23. Qa6 Qb8 24. d4 e4 25. Ne5 Rxb2 26. Rxb2 Nxe5 27. dxe5 Qxe5
28. Rab1 bxa3 29. Ra2 Qc5 30. Qb6 Qc4 31. Rxa3 Qxe2 32. Bf1 Qc2 33. Rxa5 e3 34.
fxe3 Ng4 35. Qb2 Qe4 36. Re1 h5 37. Ra7 Re7 38. Bg2 Qd3 39. Ra3 Qd6 40. Qa2 Kh7
41. Rc3 h4 42. Bd5 Qh6 43. h3 Nf6 44. Qa6 1-0

[Event "2. Bundesliga Mitte 2013/2014"]
[Site "Steyregg"]
[Date "2014.04.05"]
[Round "10"]
[Board "2"]
[White "Renner, Christoph"]
[Black "Pilaj, Herwig"]
[Result "0-1"]
[WhiteElo "2379"]
[BlackElo "2376"]
[PlyCount "90"]
[EventDate "2013.10.04"]
[EventType "team"]
[EventRounds "11"]
[EventCountry "AUT"]
[WhiteTeam "Spg. Sauwald"]
[BlackTeam "Union Styria Graz"]

1. e4 c5 2. d3 Nc6 3. g3 g6 4. Bg2 Bg7 5. Nc3 d6 6. Be3 Nf6 7. Qc1 O-O 8. Bh6
Bxh6 9. Qxh6 c4 10. Nge2 Qb6 11. Nd1 cxd3 12. cxd3 Bg4 13. f3 Ne5 14. fxg4
Nxd3+ 15. Kf1 Nxg4 16. Qd2 f5 17. e5 Ngxe5 18. Bd5+ Kh8 19. Kg2 e6 20. Bf3 g5
21. Nec3 g4 22. Be2 Qc6+ 23. Kg1 Nc5 24. Qf4 Ng6 25. Qd4+ e5 26. Qd5 Qb6 27.
Kg2 Ne7 28. Qd2 Qc6+ 29. Kg1 d5 30. Rc1 d4 31. Nb5 d3 32. Bf1 Qxb5 33. Nf2 Rac8
34. h3 e4 35. hxg4 f4 36. gxf4 Nd5 37. b4 Qxb4 38. Qxb4 Nxb4 39. Rc4 Nd5 40.
Nxe4 Nxe4 41. Rxe4 Rc1 42. Rh2 Rxf4 43. Rxf4 Nxf4 44. Rd2 Kg7 45. Kf2 Rc2 0-1

[Event "2. Bundesliga Mitte 2013/2014"]
[Site "Steyregg"]
[Date "2014.04.05"]
[Round "10"]
[Board "3"]
[White "Wittmann, Walter"]
[Black "Schmidt, Peter"]
[Result "0-1"]
[WhiteElo "2195"]
[BlackElo "2377"]
[PlyCount "66"]
[EventDate "2013.10.04"]
[EventType "team"]
[EventRounds "11"]
[EventCountry "AUT"]
[WhiteTeam "Union Styria Graz"]
[BlackTeam "Spg. Sauwald"]

1. e4 d6 2. d4 Nf6 3. Nc3 e5 4. Nf3 Nbd7 5. Bc4 Be7 6. O-O O-O 7. Re1 c6 8. a4
b6 9. Bg5 a6 10. h3 Rb8 11. Bf1 Re8 12. Qd2 h6 13. Bh4 Nf8 14. Bg3 Ng6 15. Rad1
Qc7 16. Nh4 Nh5 17. Nxg6 fxg6 18. Bh2 g5 19. Bc4+ Kf8 20. Qe2 b5 21. axb5 axb5
22. Bb3 Nf6 23. Qd3 g6 24. Qg3 Nh5 25. Qf3+ Bf6 26. Ne2 Kg7 27. dxe5 dxe5 28.
g4 Nf4 29. h4 Rf8 30. Bxf4 gxf4 31. h5 Bh4 32. hxg6 Qe7 33. Qh3 h5 0-1

[Event "2. Bundesliga Mitte 2013/2014"]
[Site "Steyregg"]
[Date "2014.04.05"]
[Round "10"]
[Board "4"]
[White "Hellmayr, Alois"]
[Black "Wertjanz, David"]
[Result "0-1"]
[WhiteElo "2209"]
[BlackElo "2281"]
[PlyCount "52"]
[EventDate "2013.10.04"]
[EventType "team"]
[EventRounds "11"]
[EventCountry "AUT"]
[WhiteTeam "Spg. Sauwald"]
[BlackTeam "Union Styria Graz"]

1. d4 Nf6 2. Nf3 e6 3. e3 b6 4. Bd3 Bb7 5. O-O Be7 6. b3 c5 7. Bb2 O-O 8. c4 d5
9. Nc3 Nc6 10. cxd5 exd5 11. dxc5 bxc5 12. Rc1 Nb4 13. Be2 Rc8 14. a3 Nc6 15.
Na4 Ne4 16. Nd2 Nxd2 17. Qxd2 Na5 18. Qc2 d4 19. Rfd1 Bd6 20. exd4 cxd4 21. Qd3
Qf6 22. f3 Qh4 23. g3 Bxg3 24. hxg3 Qxg3+ 25. Kh1 Rce8 26. Nc5 Re5 0-1

[Event "2. Bundesliga Mitte 2013/2014"]
[Site "Steyregg"]
[Date "2014.04.05"]
[Round "10"]
[Board "5"]
[White "Stagl, Marco"]
[Black "Hiermann, Dietmar"]
[Result "0-1"]
[WhiteElo "2149"]
[BlackElo "2290"]
[PlyCount "82"]
[EventDate "2013.10.04"]
[EventType "team"]
[EventRounds "11"]
[EventCountry "AUT"]
[WhiteTeam "Union Styria Graz"]
[BlackTeam "Spg. Sauwald"]

1. d4 d5 2. Nf3 Nf6 3. c4 e6 4. g3 dxc4 5. Bg2 a6 6. O-O Nc6 7. Nc3 Bd7 8. Ne5
Be7 9. Nxc4 O-O 10. e4 b5 11. Ne3 e5 12. dxe5 Nxe5 13. f4 Neg4 14. h3 Nxe3 15.
Bxe3 Bc6 16. Rc1 b4 17. Nd5 Nxd5 18. exd5 Bb5 19. Rf2 Bd6 20. Bd4 Qe7 21. Bf3
Rfe8 22. Kg2 Qd7 23. h4 Re7 24. h5 h6 25. Bg4 f5 26. Bf3 Rae8 27. Kh3 a5 28.
Qd2 Ba6 29. Rg2 Qb5 30. b3 Qd3 31. Qf2 Bb7 32. Rd1 Qb5 33. Qc2 Bxd5 34. Bxd5+
Qxd5 35. Bf6 Qf3 36. Bxe7 Qg4+ 37. Kh2 Rxe7 38. Rgd2 Re3 39. Rg2 Qxh5+ 40. Kg1
Rc3 41. Rh2 Bc5+ 0-1

[Event "2. Bundesliga Mitte 2013/2014"]
[Site "Steyregg"]
[Date "2014.04.05"]
[Round "10"]
[Board "6"]
[White "Testor, Sebastian"]
[Black "Manhardt, Thomas"]
[Result "0-1"]
[WhiteElo "2308"]
[BlackElo "2226"]
[PlyCount "88"]
[EventDate "2013.10.04"]
[EventType "team"]
[EventRounds "11"]
[EventCountry "AUT"]
[WhiteTeam "Spg. Sauwald"]
[BlackTeam "Union Styria Graz"]

1. c4 f5 2. Nc3 Nf6 3. g3 g6 4. Bg2 Bg7 5. d3 O-O 6. e4 fxe4 7. dxe4 e5 8. Nge2
d6 9. O-O Be6 10. Nd5 c5 11. Rb1 Nc6 12. a3 Nd4 13. f3 Qd7 14. Qd3 Rab8 15.
Nec3 Nxd5 16. cxd5 Bh3 17. b4 b6 18. Be3 c4 19. Qd1 b5 20. Ne2 Bxg2 21. Kxg2
Nxf3 22. Rxf3 Rxf3 23. Kxf3 Qh3 24. Qf1 Rf8+ 25. Nf4 Qxh2 26. Qh1 Qa2 27. Ra1
Qb3 28. Rb1 Qxa3 29. Ra1 Qxb4 30. Rxa7 Qc3 31. Qh3 exf4 32. gxf4 b4 33. Qe6+
Kh8 34. Qxd6 b3 35. Qc7 b2 36. Rb7 h5 37. d6 Rxf4+ 38. Kxf4 Bh6+ 39. Kg3 Qxe3+
40. Kh2 Bf4+ 41. Kg2 Qe2+ 42. Kg1 Be3+ 43. Kh1 Qf1+ 44. Kh2 Bf4# 0-1

[Event "2. Bundesliga Mitte 2013/2014"]
[Site "Steyregg"]
[Date "2014.04.05"]
[Round "10"]
[Board "1"]
[White "Horvath, Adam"]
[Black "Velicka, Petr"]
[Result "1-0"]
[WhiteElo "2528"]
[BlackElo "2412"]
[PlyCount "51"]
[EventDate "2013.10.04"]
[EventType "team"]
[EventRounds "11"]
[EventCountry "AUT"]
[WhiteTeam "RbEJ Gleisdorf"]
[BlackTeam "SV Steyregg"]

1. e4 e5 2. Nf3 Nc6 3. Bb5 Nf6 4. d3 d6 5. O-O Bd7 6. c3 g6 7. d4 Bg7 8. d5 Ne7
9. Bxd7+ Nxd7 10. Be3 h6 11. Nfd2 O-O 12. c4 f5 13. f3 f4 14. Bf2 b6 15. Nc3 g5
16. b4 Ng6 17. Rc1 Rf7 18. c5 Ngf8 19. cxd6 cxd6 20. Nb5 Nf6 21. Rc6 Ne8 22.
Qc2 Rb7 23. Rc1 Re7 24. Rc3 a6 25. Nc7 Rxc7 26. Rxc7 1-0

[Event "2. Bundesliga Mitte 2013/2014"]
[Site "Steyregg"]
[Date "2014.04.05"]
[Round "10"]
[Board "2"]
[White "Nemeth, Miklos"]
[Black "Horvath, Tamas"]
[Result "1-0"]
[WhiteElo "2482"]
[BlackElo "2392"]
[PlyCount "70"]
[EventDate "2013.10.04"]
[EventType "team"]
[EventRounds "11"]
[EventCountry "AUT"]
[WhiteTeam "SV Steyregg"]
[BlackTeam "RbEJ Gleisdorf"]

1. e4 c5 2. Nf3 Nc6 3. d4 cxd4 4. Nxd4 e5 5. Nb5 d6 6. g3 Be6 7. Bg2 Be7 8.
N1c3 a6 9. Na3 Nf6 10. O-O O-O 11. Nd5 b5 12. c3 Rb8 13. Nc2 Qd7 14. a4 bxa4
15. Nce3 Rfc8 16. Qxa4 a5 17. Nc4 Bd8 18. Rd1 Ne8 19. Be3 Qb7 20. Bb6 Bd7 21.
Qa3 Bxb6 22. Ndxb6 Rd8 23. Nxd7 Qxd7 24. Rd5 Qb7 25. Ra2 h6 26. Nxa5 Nxa5 27.
Rxa5 Nf6 28. Ra7 Qb5 29. Qa6 Qb3 30. Qa4 Qe6 31. Qc2 h5 32. h4 Rdc8 33. R7a6
Qc4 34. R6a4 Qc6 35. R2a3 g6 1-0

[Event "2. Bundesliga Mitte 2013/2014"]
[Site "Steyregg"]
[Date "2014.04.05"]
[Round "10"]
[Board "3"]
[White "Sandner, Wolfgang"]
[Black "Burlacu, Bogdan"]
[Result "0-1"]
[WhiteElo "2206"]
[BlackElo "2342"]
[PlyCount "102"]
[EventDate "2013.10.04"]
[EventType "team"]
[EventRounds "11"]
[EventCountry "AUT"]
[WhiteTeam "RbEJ Gleisdorf"]
[BlackTeam "SV Steyregg"]

1. e4 c5 2. Nf3 e6 3. d3 Nc6 4. g3 g6 5. Bg2 Bg7 6. O-O Nge7 7. c3 d5 8. Be3 b6
9. Qc1 h6 10. Rd1 d4 11. Bd2 dxc3 12. Bxc3 e5 13. b3 O-O 14. h3 Be6 15. Qb2 Qc7
16. Na3 Rad8 17. Rac1 f6 18. Kh2 Qd7 19. Nc2 a5 20. a3 Nd4 21. Ncxd4 exd4 22.
Be1 f5 23. Nd2 Qb5 24. Rb1 fxe4 25. Nxe4 Nd5 26. Qc2 Qd7 27. Rdc1 Rc8 28. Qd1
Kh7 29. Qe2 Rce8 30. Qc2 Rc8 31. Qe2 Ra8 32. Qc2 Rac8 33. Qd1 Bf5 34. Rb2 Rcd8
35. Qe2 Rf7 36. Qc2 Rdf8 37. Qc4 Nc3 38. b4 axb4 39. axb4 b5 40. Qb3 c4 41. Qa3
Nxe4 42. dxe4 Be6 43. f4 d3 44. Bc3 Bd4 45. Ra2 Rd8 46. Qb2 h5 47. Qd2 Bxc3 48.
Rxc3 Qd6 49. Rca3 c3 50. Rxc3 Bxa2 51. Qxa2 Rc7 0-1

[Event "2. Bundesliga Mitte 2013/2014"]
[Site "Steyregg"]
[Date "2014.04.05"]
[Round "10"]
[Board "4"]
[White "Enoeckl, Philipp"]
[Black "Horvath, Sandor"]
[Result "1-0"]
[WhiteElo "2339"]
[BlackElo "2263"]
[PlyCount "39"]
[EventDate "2013.10.04"]
[EventType "team"]
[EventRounds "11"]
[EventCountry "AUT"]
[WhiteTeam "SV Steyregg"]
[BlackTeam "RbEJ Gleisdorf"]

1. d4 {[%emt 0:00:00]} Nf6 {[%emt 0:00:00]} 2. c4 e6 3. Nc3 Bb4 4. f3 Nh5 5.
Nh3 f5 6. g3 O-O 7. e4 d6 8. exf5 exf5 9. a3 Bxc3+ 10. bxc3 Nc6 11. Bd3 b6 12.
O-O h6 13. Ra2 Qf6 14. Rg2 Qf7 15. g4 fxg4 16. fxg4 Nf6 17. Nf4 g5 18. Nd5 Qg6
19. Rgf2 Bxg4 20. Rxf6 1-0

[Event "2. Bundesliga Mitte 2013/2014"]
[Site "Steyregg"]
[Date "2014.04.05"]
[Round "10"]
[Board "5"]
[White "Knoll, Martin"]
[Black "Wiesinger, Robert"]
[Result "0-1"]
[WhiteElo "2051"]
[BlackElo "2252"]
[PlyCount "96"]
[EventDate "2013.10.04"]
[EventType "team"]
[EventRounds "11"]
[EventCountry "AUT"]
[WhiteTeam "RbEJ Gleisdorf"]
[BlackTeam "SV Steyregg"]

1. d4 Nf6 2. c4 e6 3. Nc3 Bb4 4. Qc2 O-O 5. Nf3 c5 6. e3 b6 7. Bd3 Bb7 8. Bd2
d5 9. a3 Bxc3 10. Bxc3 dxc4 11. Bxc4 cxd4 12. Nxd4 Bxg2 13. Rg1 Be4 14. Qe2
Nbd7 15. Bxe6 fxe6 16. Nxe6 Qc8 17. Rxg7+ Kh8 18. Re7 Re8 19. Rxe8+ Qxe8 20.
Qg4 Qg6 21. Qxg6 hxg6 22. O-O-O Kg8 23. Ng5 Nc5 24. b4 Nd5 25. bxc5 Nxc3 26.
Rd6 Rc8 27. Nxe4 Nxe4 28. Rxg6+ Kf7 29. Rg2 Rxc5+ 30. Kb2 Rf5 31. f4 Rd5 32.
Rc2 Nc5 33. h4 Rd3 34. Re2 Kg6 35. e4 Rd4 36. Rg2+ Kh6 37. f5 Rxe4 38. h5 Kxh5
39. Rg7 a6 40. f6 Rf4 41. f7 Kh6 42. f8=Q Rxf8 43. Rc7 Kg5 44. Kc3 Rf3+ 45. Kb2
Kf6 46. Kc2 Ke5 47. Rc6 Rf6 48. Rc8 Kd4 0-1

[Event "2. Bundesliga Mitte 2013/2014"]
[Site "Steyregg"]
[Date "2014.04.05"]
[Round "10"]
[Board "6"]
[White "Holzmann, Herbert"]
[Black "Ofner, Maximilian"]
[Result "0-1"]
[WhiteElo "2097"]
[BlackElo "2077"]
[PlyCount "140"]
[EventDate "2013.10.04"]
[EventType "team"]
[EventRounds "11"]
[EventCountry "AUT"]
[WhiteTeam "SV Steyregg"]
[BlackTeam "RbEJ Gleisdorf"]

1. Nf3 d5 2. g3 Nf6 3. c4 e6 4. Bg2 Be7 5. O-O O-O 6. b3 b6 7. d3 Bb7 8. cxd5
exd5 9. Bb2 c5 10. d4 Ne4 11. Nc3 Nxc3 12. Bxc3 Bf6 13. Qd2 Nd7 14. Rfd1 Re8
15. e3 Rc8 16. Rac1 Qe7 17. Qb2 Rc7 18. Ne1 Rec8 19. Nd3 cxd4 20. Bxd4 Bxd4 21.
Qxd4 Rxc1 22. Rxc1 Rxc1+ 23. Nxc1 Qc5 24. Qd2 Nf6 25. Nd3 Qc7 26. Qb2 h6 27.
Nc1 Ne4 28. Ne2 Qc5 29. Qe5 Ba6 30. Bxe4 dxe4 31. Qxc5 bxc5 32. Nc3 Bd3 33. f4
Kf8 34. Na4 c4 35. bxc4 Bxc4 36. a3 Ke7 37. Kf2 g5 38. Nb2 Bb5 39. h4 Kf6 40.
hxg5+ hxg5 41. Nd1 Bd3 42. Ke1 Kf5 43. Nf2 gxf4 44. gxf4 Bb5 45. Kd2 Bc6 46.
Kc3 Kg6 47. Kd4 f5 48. Nd1 Kh5 49. Kc5 Bb7 50. Nc3 Bc8 51. Nb5 a6 52. Nd6 Bd7
53. Kd4 Kg4 54. Ke5 Kf3 55. Nxf5 Bxf5 56. Kxf5 Kxe3 57. Kg5 Kd4 58. f5 e3 59.
f6 e2 60. f7 e1=Q 61. f8=Q Qc1+ 62. Kg4 Qc4 63. Qd6+ Kc3+ 64. Kf3 Kb3 65. Ke3
Qc1+ 66. Qd2 Qxa3 67. Qd5+ Kc2+ 68. Kd4 Qd3+ 69. Kc5 Qxd5+ 70. Kxd5 Kb3 0-1

[Event "2. Bundesliga Mitte 2013/2014"]
[Site "Steyregg"]
[Date "2014.04.05"]
[Round "10"]
[Board "1"]
[White "Poetz, Florian"]
[Black "Haba, Petr"]
[Result "1/2-1/2"]
[WhiteElo "2431"]
[BlackElo "2498"]
[PlyCount "65"]
[EventDate "2013.10.04"]
[EventType "team"]
[EventRounds "11"]
[EventCountry "AUT"]
[WhiteTeam "SK Sparkasse Fuerstenfeld"]
[BlackTeam "Spg. Grieskirchen/Sedda B.Schallerbach"]

1. e4 {[%emt 0:00:00]} c5 {[%emt 0:00:00]} 2. Nf3 e6 3. d4 cxd4 4. Nxd4 Nc6 5.
Nc3 Qc7 6. Be2 a6 7. O-O Nf6 8. Kh1 Nxd4 9. Qxd4 Bc5 10. Qd3 b5 11. Bg5 Bb7 12.
a3 h5 13. Bh4 Ng4 14. Bg3 Ne5 15. Bxe5 Qxe5 16. Rad1 Qc7 17. f4 h4 18. h3 Rd8
19. e5 g6 20. Ne4 Bxe4 21. Qxe4 O-O 22. b4 d5 23. exd6 Bxd6 24. c4 bxc4 25.
Bxc4 a5 26. Bxe6 fxe6 27. Qxg6+ Kh8 28. Qxe6 Be7 29. Qh6+ Kg8 30. Qg6+ Kh8 31.
Qh6+ Kg8 32. Qg6+ Kh8 33. Qh6+ 1/2-1/2

[Event "2. Bundesliga Mitte 2013/2014"]
[Site "Steyregg"]
[Date "2014.04.05"]
[Round "10"]
[Board "2"]
[White "Kilgus, Georg"]
[Black "Kuba, Guenter"]
[Result "1-0"]
[WhiteElo "2430"]
[BlackElo "2378"]
[PlyCount "29"]
[EventDate "2013.10.04"]
[EventType "team"]
[EventRounds "11"]
[EventCountry "AUT"]
[WhiteTeam "Spg. Grieskirchen/Sedda B.Schallerbach"]
[BlackTeam "SK Sparkasse Fuerstenfeld"]

1. Nf3 d5 2. g3 Nc6 3. d4 Bg4 4. Nbd2 e6 5. Bg2 Bd6 6. O-O Nf6 7. c3 h6 8. Re1
Bf5 9. Nh4 Be7 10. e4 dxe4 11. Nxe4 Nxe4 12. Bxe4 Bxe4 13. Rxe4 O-O 14. Qh5 Bf6
15. Rg4 1-0

[Event "2. Bundesliga Mitte 2013/2014"]
[Site "Steyregg"]
[Date "2014.04.05"]
[Round "10"]
[Board "3"]
[White "Feher, Adam"]
[Black "Schwabeneder, Florian"]
[Result "0-1"]
[WhiteElo "2395"]
[BlackElo "2353"]
[PlyCount "106"]
[EventDate "2013.10.04"]
[EventType "team"]
[EventRounds "11"]
[EventCountry "AUT"]
[WhiteTeam "SK Sparkasse Fuerstenfeld"]
[BlackTeam "Spg. Grieskirchen/Sedda B.Schallerbach"]

1. e4 e6 2. d4 d5 3. Nd2 a6 4. Ngf3 c5 5. dxc5 Bxc5 6. Bd3 Nf6 7. Qe2 Nc6 8.
O-O O-O 9. e5 Nd7 10. c4 Be7 11. cxd5 exd5 12. Nb3 Re8 13. Bf4 Bf6 14. Bxh7+
Kxh7 15. Qd3+ Kg8 16. exf6 Nxf6 17. Bg5 Qd6 18. Rfe1 Bg4 19. Bxf6 Qxf6 20. Nfd4
Ne5 21. Qg3 Bh5 22. h3 Bg6 23. Rad1 Nd3 24. Rxe8+ Rxe8 25. Rd2 Nf4 26. Kh2 Be4
27. f3 Bb1 28. Nc1 Nh5 29. Qc7 Re7 30. Qb8+ Kh7 31. Nce2 Bxa2 32. Ng3 Nf4 33.
Ndf5 Re5 34. Rd4 Ng6 35. Nh4 Ne7 36. f4 Re1 37. Nf3 Nc6 38. Qc7 Nxd4 39. Nxe1
Ne6 40. Qa5 Bc4 41. f5 Nd4 42. Qc3 Qe5 43. Nc2 Nc6 44. Qf3 d4 45. Kh1 Bd5 46.
Qg4 d3 47. f6 g6 48. Qh4+ Kg8 49. Qh6 Qxf6 50. Ne3 d2 51. Kh2 Qe5 52. Ng4 d1=Q
53. Nxe5 Qc2 0-1

[Event "2. Bundesliga Mitte 2013/2014"]
[Site "Steyregg"]
[Date "2014.04.05"]
[Round "10"]
[Board "4"]
[White "Singer, Christoph"]
[Black "Radnetter, Georg"]
[Result "1/2-1/2"]
[WhiteElo "2341"]
[BlackElo "2257"]
[PlyCount "98"]
[EventDate "2013.10.04"]
[EventType "team"]
[EventRounds "11"]
[EventCountry "AUT"]
[WhiteTeam "Spg. Grieskirchen/Sedda B.Schallerbach"]
[BlackTeam "SK Sparkasse Fuerstenfeld"]

1. d4 e6 2. Nf3 Nf6 3. e3 d5 4. Bd3 Be7 5. O-O O-O 6. b3 b6 7. Bb2 Bb7 8. Nbd2
Nbd7 9. Qe2 Ne4 10. Rfd1 f5 11. c4 c6 12. Rac1 a5 13. a4 Bb4 14. Nb1 Qe7 15.
Ne1 Bd6 16. f4 g5 17. g3 gxf4 18. exf4 Rf6 19. Nf3 Rh6 20. Bxe4 dxe4 21. Ne5
Nf6 22. Nd2 Bxe5 23. fxe5 Ng4 24. Nf1 c5 25. dxc5 e3 26. Rd6 bxc5 27. Rcd1 Nf2
28. Nxe3 Nxd1 29. Qxd1 f4 30. Nf5 exf5 31. Rxh6 fxg3 32. Qe1 gxh2+ 33. Kxh2 Qg7
34. Qg3 Rd8 35. Qxg7+ Kxg7 36. Rb6 Rd2+ 37. Kg3 Be4 38. Bc1 Rg2+ 39. Kh3 Rc2
40. Bh6+ Kf7 41. Rf6+ Ke8 42. Bf8 Rg2 43. Bxc5 Rg6 44. Rf8+ Kd7 45. Bd6 Bc2 46.
Rf7+ Ke8 47. Rf8+ Kd7 48. Rf7+ Ke8 49. Rf8+ Kd7 1/2-1/2

[Event "2. Bundesliga Mitte 2013/2014"]
[Site "Steyregg"]
[Date "2014.04.05"]
[Round "10"]
[Board "5"]
[White "Hatzl, Stefan"]
[Black "Lentrodt, Thomas"]
[Result "1/2-1/2"]
[WhiteElo "2172"]
[BlackElo "2282"]
[PlyCount "72"]
[EventDate "2013.10.04"]
[EventType "team"]
[EventRounds "11"]
[EventCountry "AUT"]
[WhiteTeam "SK Sparkasse Fuerstenfeld"]
[BlackTeam "Spg. Grieskirchen/Sedda B.Schallerbach"]

1. Nf3 d5 2. c4 c6 3. b3 Bf5 4. g3 h6 5. Bg2 e6 6. O-O Nf6 7. Bb2 Be7 8. d3 O-O
9. Nbd2 Nbd7 10. a3 a5 11. Rc1 Bh7 12. Rc2 Ne8 13. Qa1 Bd6 14. Rfc1 Qe7 15.
cxd5 exd5 16. Nf1 Nc5 17. Nd4 Ne6 18. Ne3 Nxd4 19. Bxd4 Bxa3 20. Bc5 Bxc5 21.
Rxc5 Qd8 22. Qa3 Qb6 23. Ra1 Nd6 24. Rxa5 Rxa5 25. Qxa5 Qxb3 26. Qc5 Qb2 27.
Ra4 Qe5 28. Ra7 Re8 29. Bf3 Bg6 30. Kg2 Bh7 31. h4 h5 32. Ra4 Qe7 33. Qc3 Qe5
34. Qc5 Qe7 35. Qc3 Nb5 36. Qb2 Nd6 1/2-1/2

[Event "2. Bundesliga Mitte 2013/2014"]
[Site "Steyregg"]
[Date "2014.04.05"]
[Round "10"]
[Board "6"]
[White "Humer, Wolfgang"]
[Black "Hatzl, Johannes"]
[Result "1/2-1/2"]
[WhiteElo "2267"]
[BlackElo "2129"]
[PlyCount "83"]
[EventDate "2013.10.04"]
[EventType "team"]
[EventRounds "11"]
[EventCountry "AUT"]
[WhiteTeam "Spg. Grieskirchen/Sedda B.Schallerbach"]
[BlackTeam "SK Sparkasse Fuerstenfeld"]

1. e4 c5 2. Nf3 Nc6 3. Bb5 e6 4. O-O Nge7 5. Re1 a6 6. Bf1 d5 7. exd5 Nxd5 8.
d4 cxd4 9. Nxd4 Nxd4 10. Qxd4 Nf6 11. Qxd8+ Kxd8 12. Nc3 Kc7 13. Be3 b5 14. a4
b4 15. Na2 Nd5 16. a5 Bd7 17. Bd4 Bb5 18. c4 bxc3 19. Nxc3 Nxc3 20. bxc3 Bxf1
21. Kxf1 Bd6 22. Bxg7 Rhb8 23. Bd4 Rb5 24. c4 Rf5 25. h3 Bc5 26. Be5+ Kc6 27.
f4 Rh5 28. Red1 f6 29. Bxf6 Rf8 30. g4 Rxh3 31. Be5 Rg3 32. Ke2 Rxg4 33. Rh1
Rg2+ 34. Kd3 Rd8+ 35. Ke4 Re2+ 36. Kf3 Rf2+ 37. Kg4 Rg8+ 38. Kh5 Rg6 39. Rab1
Bf8 40. Rbg1 Rh6+ 41. Kg5 Rg6+ 42. Kh5 1/2-1/2